000 00853nam a2200241Ia 4500
003 OSt
005 20220925203408.0
006 a|||||r|||| 00| 0
007 ta
008 220923b |||||||| |||| 00| 0 eng d
020 _a9780822342793
_c1107.75
037 _bRKBA\ 09-10 \ 4669, 12/07/2012, RAJKIRAN BOOK AGENCY
_cGeneral Book
040 _aRTL
_cRTL
_beng
041 _2eng
_aeng
082 _aY736:47.79163, P8
100 _aBECKER Marc
_9265821
245 0 _aIndian and leftists in the making of ecuador's modern indigenous movements
260 _aDurham
_bDuke University Press
_c2008
300 _axxv, 303p
_ccm.
500 _aGlossary: P.251-54; Bibliography: P.261-92
942 _hY736:47.79163, P8
_cGB
_2CC
999 _c546222
_d546222